Dano Drevo - všetky postavy (part 1) - Statistics

General Stats
  • This quiz has been taken 74 times
  • The average score is 10 of 16
Answer Stats
Picture Answer % Correct
Dano Drevo
100%
Peder
95%
Kim
92%
Meky Žbirka
86%
Starý Jano
84%
Gábor Székesfehervárbalatonszabadisóstó
73%
Šaňo Fekete
68%
Jozef Šlota
65%
Braňo Mojsej
57%
Stano Mojsej
57%
Ľudo Kolman
54%
profesor Pipík
54%
Poslušný
46%
Ambrózy
32%
Vajcomíra Gombitová
32%
Janko Španiel
19%
No matching quizzes found
Score Distribution
Percent of People with Each Score
Percentile by Number Answered
Your Score History
You have not taken this quiz